This is the A & M College of Texas.

Bibliographic Details
Corporate Author: Agricultural and Mechanical College of Texas
Format: Book
Language:English
Published: [College Station, Tex.] : [The College], [1960]
Series:Bulletin of the Agricultural and Mechanical College of Texas ; 6th ser., v. 7, no. 4.
Subjects:

MARC

Tag First Indicator Second Indicator Subfields
LEADER 00000cam a2200000 a 4500
001 in00001468921
005 20151021054908.0
008 990311s1960 txua 000 0 eng d
035 |a (OCoLC)40943507 
035 |9 AJF2266AM 
040 |a TXA  |c TXA  |d UtOrBLW 
043 |a n-us-tx 
049 |a TXAM 
090 |a LD5309  |b .A635 1960 
245 0 0 |a This is the A & M College of Texas. 
264 1 |a [College Station, Tex.] :  |b [The College],  |c [1960] 
300 |a 1 volume (unpaged) :  |b illustrations (some color) ;  |c 28 cm. 
336 |a text  |b txt  |2 rdacontent 
337 |a unmediated  |b n  |2 rdamedia 
338 |a volume  |b nc  |2 rdacarrier 
490 1 |a Bulletin of the Agricultural and Mechanical College of Texas ;  |v 6th ser., v. 7, no. 4 
500 |a Cover title. 
610 2 0 |a Agricultural and Mechanical College of Texas. 
710 2 |a Agricultural and Mechanical College of Texas. 
830 0 |a Bulletin of the Agricultural and Mechanical College of Texas ;  |v 6th ser., v. 7, no. 4. 
948 |a o:br 
999 |a MARS 
999 f f |s 2d4b8159-035d-3cb2-8865-1054d85ccd34  |i f1afbf0c-52ce-3ce2-a18a-d795a88c1de7  |t 0 
952 f f |p noncirc  |a Texas A&M University  |b College Station  |c Cushing Memorial Library & Archives  |d Cushing: Texas A&M (Does not check out)  |t 0  |e LD5309 .A635 1960  |f Vertical File  |h Library of Congress classification  |i unmediated -- volume 
998 f f |a LD5309 .A635 1960  |t 0  |l Cushing: Texas A&M (Does not check out)